Normal view
MARC view
Entry Topical Term
001 - CONTROL NUMBER
- control field: 35467
003 - CONTROL NUMBER IDENTIFIER
- control field: ARRUPE
005 - DATE AND TIME OF LATEST TRANSACTION
- control field: 20170831124031.0
008 - FIXED-LENGTH DATA ELEMENTS
- fixed length control field: 170831|| aca||aabn | a|a d
040 ## - CATALOGING SOURCE
- Original cataloging agency: ARRUPE
- Transcribing agency: ARRUPE
150 ## - HEADING--TOPICAL TERM
- Topical term or geographic name as entry element: Negro songs
670 ## - SOURCE DATA FOUND
- Source citation: Work cat.: (ARRUPE)0: Jones, Bessie, 1902-1984. 35464, Step it down;, [1972]